| 000 | 01054cam a22003017a 4500 | ||
|---|---|---|---|
| 003 | CHAP | ||
| 005 | 20220329135029.0 | ||
| 008 | 971013s1984 r 00010 d | ||
| 010 | _a29834 | ||
| 011 | _a30806 | ||
| 035 | _a34918 | ||
| 040 | _cCHAP | ||
| 090 | _aFolleto 10029 | ||
| 100 | 0 | 0 |
_aMaiti Maiti, Ratikanta. _969935 |
| 245 | 1 | 3 |
_aEl establecimiento de cultivos en el trópico semiárido del noreste de México _b: una síntesis práctica |
| 260 |
_aMonterrey, N.L. : _bUniversidad Autónoma de Nuevo León. Facultad de Agronomía, _c1984 |
||
| 300 |
_a77 p. _b: ilus. ; gráfs |
||
| 590 |
_aBATCH-UPD _b10 _c20130110 _lUCH01 _h2034 |
||
| 590 |
_aBATCH-UPD _b10 _c20130410 _lUCH01 _h1350 |
||
| 590 |
_aBATCH-UPD _b10 _c20130914 _lUCH01 _h1132 |
||
| 590 |
_aCONVERSION _b10 _c20130109 _lUCH01 _h1317 |
||
| 650 | 1 | 4 |
_aCultivos tropicales. _930383 |
| 700 | 0 |
_aAlanis Loera, Carlos Octavio. _93331 |
|
| 700 | 0 |
_aGonzález Rodríguez, Humberto. _949353 |
|
| 901 | _aBK | ||
| 942 | _cFOLL | ||
| 949 |
_aFolleto 10029 _bBC _cFOLL _d-80705 _eTS1 _i34918 _mD _si |
||
| 999 |
_c29834 _d29834 |
||